Skate Boarding / (Record no. 58593)
[ view plain ]
| 000 -LEADER | |
|---|---|
| fixed length control field | 01007nam a22002657a 4500 |
| 005 - DATE AND TIME OF LATEST TRANSACTION | |
| control field | 20111122112139.0 |
| 010 ## - LCCN (DPL NO) | |
| LC control number | B-444732 |
| 020 ## - INTERNATIONAL STANDARD BOOK NUMBER | |
| International Standard Book Number | 9780791069981 |
| Terms of availability | 295.00 |
| 020 ## - INTERNATIONAL STANDARD BOOK NUMBER | |
| International Standard Book Number | 5384906998 |
| Terms of availability | 295.00 |
| 035 ## - SYSTEM CONTROL NUMBER | |
| System control number | B-444732 |
| 037 ## - SOURCE OF ACQUISITION | |
| Stock number | Blue Berry/Ven |
| Source of stock number/acquisition | DPL |
| 082 #4 - DEWEY DECIMAL CLASSIFICATION NUMBER | |
| Classification number | 796.22 |
| 100 ## - MAIN ENTRY--PERSONAL NAME | |
| Personal name | Herran, Joe |
| 245 00 - TITLE STATEMENT | |
| Title | Skate Boarding / |
| Statement of responsibility, etc | by Joe Herran and Ron Thomas |
| 260 ## - PUBLICATION, DISTRIBUTION, ETC. (IMPRINT) | |
| Place of publication, distribution, etc | Chelsea House Publishers |
| Date of publication, distribution, etc | 2003 |
| 270 ## - ADDRESS | |
| Address | 1974 Sproul Road, Suite 400 |
| City | Broomall |
| Postal code | PA 19008-914 |
| 300 ## - PHYSICAL DESCRIPTION | |
| Extent | 32p. |
| Other physical details | col.ill |
| Dimensions | 29cm. |
| 490 ## - SERIES STATEMENT | |
| Series statement | Action Sports |
| -- | 37817 |
| 700 ## - ADDED ENTRY--PERSONAL NAME | |
| Personal name | Thomas, Ron |
| 9 (RLIN) | 35975 |
| 710 ## - ADDED ENTRY--CORPORATE NAME | |
| Corporate name or jurisdiction name as entry element | Thomas, Ron |
| 9 (RLIN) | 35967 |
| 942 ## - ADDED ENTRY ELEMENTS (KOHA) | |
| Source of classification or shelving scheme | Dewey Decimal Classification |
| Item type | Children Books |
| Classification part | 796.22 |
| Call number suffix | HER |
| Withdrawn status | Lost status | Not for loan | Collection code | Home library | Current library | Date acquired | Source of acquisition | Cost, normal purchase price | Full call number | Barcode | Copy number | Cost, replacement price | Koha item type |
|---|---|---|---|---|---|---|---|---|---|---|---|---|---|
| Non-fiction | Sarojini Nagar | Sarojini Nagar | 02/01/2012 | Blue Berry/7042/29.9.2011/83/21.3.2011/12.10.2011 | 295.00 | 796.22 HER | B-444732 | 1 | 295.00 | Children Books |
